000
00315nam a22001457a 4500
008
230123b ||||| |||| 00| 0 eng d
020
_a
9781594604379
041
_a
eng
080
_a
34
082
_a
34LYN
100
_a
30
101
_a
JURE
245
_a
LAW AND CRIMINAL JUSTICE
_c
LYNCH R D
942
_2
udc
_c
BK
999
_c
59241
_d
59241